Guerra del Pacífico

Salvato in:
Dettagli Bibliografici
Autore principale: Bulnes, Gonzalo (Autore)
Natura: Libro
Lingua:spagnolo
Pubblicazione: Valparaíso, Chile Universo 1912
Edizione:Tercera edición
Soggetti:
Tags: Aggiungi Tag
Nessun Tag, puoi essere il primo ad aggiungerne!!

MARC

LEADER 00000nam a2200000 a 4500
001 UCO1554
003 CL-VaPUC
005 20241021164757.0
008 000519e19120000CL |||||||||||||||||spa|d
999 |c 288164  |d 288162 
040 |c Pontificia Universidad Católica de Valparaíso 
082 0 4 |a 983.061 BUL 1912  |2 21 
100 0 |a Bulnes, Gonzalo  |e author  |9 443822 
245 1 0 |a Guerra del Pacífico 
250 |a Tercera edición 
260 |a Valparaíso, Chile  |b Universo  |c 1912 
300 |a volúmenes 
500 |a v.1: De Antofagasta a Tarapacá 
500 |a v.2: De Tarapacá a Lima 
500 |a v.3: Ocupación del Perú - La Paz 
583 |a last modification  |c 20000519 00:00:00  |k Rodrigo Vera 
650 7 |a HISTORIA DE CHILE  |2 CL-VaPUC  |9 443689  |y 1879-1883 
650 0 |a Guerra del Pacífico  |z CHILE  |z PERU  |z BOLIVIA  |9 314886 
650 7 |a BATALLAS NAVALES  |2 CL-VaPUC  |9 441547  |z CHILE  |z PERU  |z BOLIVIA 
650 0 |a Operaciones militares  |z CHILE  |z PERU  |z BOLIVIA  |9 372045 
852 |a BIBCUR 
942 |c BK  |2 ddc 
945 |d 20000519 00:00:00  |a crobeson 
952 |0 0  |1 0  |2 ddc  |4 0  |6 983_061000000000000_BUL_1912  |7 0  |8 X  |9 335605  |a BIBHIS  |b BIBHIS  |d 2019-11-20  |h v.1  |i 1276263  |o 983.061 BUL 1912  |p 1276263  |r 2024-01-30  |t 1  |w 2019-11-20  |y BK_X  |k HIS 
952 |0 0  |1 0  |2 ddc  |4 0  |6 983_061000000000000_BUL_1912  |7 0  |8 X  |9 335606  |a BIBHIS  |b BIBHIS  |d 2019-11-20  |h v.2  |i 1276271  |o 983.061 BUL 1912  |p 1276271  |r 2024-01-30  |t 1  |w 2019-11-20  |y BK_X  |k HIS 
952 |0 0  |1 0  |2 ddc  |4 0  |6 983_061000000000000_BUL_1912  |7 0  |8 X  |9 335607  |a BIBHIS  |b BIBHIS  |d 2019-11-20  |h v.3  |i 1276344  |o 983.061 BUL 1912  |p 1276344  |r 2024-01-30  |t 1  |w 2019-11-20  |y BK_X  |k HIS